| 000 | 00456nam a2200169 a 4500 | ||
|---|---|---|---|
| 005 | 20140412111348.0 | ||
| 008 | 050421s19uu xx 00 eng d | ||
| 020 | _a0-399-21247-7 | ||
| 050 |
_aER _bSp68 1985 |
||
| 100 | _aHill, Eric | ||
| 245 |
_aSpot goes to the beach / _cEric Hill. |
||
| 260 |
_aNew York : _bG. P. Putnam's Sons, _c1985. |
||
| 300 | _a1 v. (unp.) ; ill. | ||
| 650 |
_aBeach _xFiction |
||
| 650 | _aChildren stories | ||
| 999 |
_c105254 _d105254 |
||